Bald Actors - Statistics

General Stats
  • This quiz has been taken 47 times
  • The average score is 6 of 10
Answer Stats
Movie Actor % Correct
Die Hard, The Sixth Sense, Red Bruce Willis
98%
Fast and Furious (series), The Pacifier, XXX Vin Diesel
83%
Star Trek: The Next Generation, X-Men, X-Men 2 Patrick Stewart
71%
Goldfinger, Indiana Jones & the Last Crusade, Dr. No Sean Connery
71%
Schindler's List, Shutter Island, Gandhi Ben Kingsley
68%
Pulp Fiction, Jurassic Park, Django Unchained Samuel L. Jackson
66%
Baywatch, Get Smart, Tooth Fairy Dwayne "The Rock" Johnson
59%
Whiplash, Spider-Man, Juno J.K. Simmons
24%
Half Baked, Screwed, Undercover Brother Dave Chappelle
20%
Gremlins, Little Monster, Walk Like a Man Howie Mandel
12%
No matching quizzes found
Score Distribution
Percent of People with Each Score
Percentile by Number Answered
Your Score History
You have not taken this quiz